Tratamiento de aguas residuales
Enregistré dans:
| Auteur principal: | |
|---|---|
| Format: | Livre |
| Langue: | espagnol |
| Publié: |
Barcelona
Reverté
1996
|
| Édition: | 1a. ed |
| Sujets: | |
| Tags: |
Ajouter un tag
Pas de tags, Soyez le premier à ajouter un tag!
|
MARC
| LEADER | 00000cam a2200000 a 4500 | ||
|---|---|---|---|
| 001 | UCE4507 | ||
| 003 | CL-VaPUC | ||
| 008 | 141030e19960000sp |||||||||||||||||spa|d | ||
| 020 | |a 8429179755 | ||
| 082 | 0 | 4 | |a 628.3 |b RAM |2 21 |
| 100 | 0 | |a Ramalho, Rubens Sette |e author |9 577066 | |
| 245 | 1 | 0 | |a Tratamiento de aguas residuales |
| 250 | |a 1a. ed | ||
| 300 | |a 705 p | ||
| 942 | |c BK | ||
| 945 | |d 20141030 14:13:00 |a dcastane | ||
| 260 | |a Barcelona |b Reverté |c 1996 | ||
| 650 | 0 | |a Aguas residuales |9 262614 | |
| 650 | 7 | |a TRATAMIENTO DE AGUAS RESIDUALES |2 CL-VaPUC |9 577067 | |
| 650 | 7 | |a TRATAMIENTO DE DESECHOS |2 CL-VaPUC |9 339623 | |
| 583 | |a last modification |c 20141104 12:04:24 |k Rodrigo Vera | ||
| 999 | |c 357440 |d 357438 | ||
| 952 | |0 0 |1 0 |3 erd |4 0 |6 628_300000000000000_RAM_1996 |7 0 |8 A |9 465434 |a BIBING |b BIBING |i 5121620 |l 1 |o 628.3 RAM 1996 |p 5121620 |r 2025-01-20 |s 2023-11-15 |w 2019-11-23 |y BK |z Catalogado en:20141030 |k CCL | ||